| 000 | 00730nam a2200217Ia 4500 | ||
|---|---|---|---|
| 003 | GCL | ||
| 008 | 140319s9999 xx 000 0 ara d | ||
| 040 |
_aGCL / _cGCL |
||
| 082 | 0 | 4 |
_a366.1 _bج ا |
| 100 | 1 | _aجواد رفعت اتلخان | |
| 245 | 1 | 0 |
_aاسرار الماسونية / _cجواد رفعت اتلخان |
| 700 | 1 | _aنورالدين رضا الواعظ | |
| 700 | 1 | _aسليمان محمد امين (مترجم) | |
| 260 |
_a[S.N] : _bالزهراء للاعلام العربى ، _c1990 |
||
| 300 | _a94 ص | ||
| 490 |
_aالف كتاب وكتاب _v0 |
||
| 650 | 0 | 4 | _aالماسونية واليهودية |
| 650 | 0 | 4 | _aالماسونية |
| 650 | 0 | 4 | _aالجمعيات الدينية |
| 942 |
_2ddc _cBK |
||
| 999 |
_c54446 _d54446 |
||